000 01169nam a2200313 a 4500
003 CHAP
005 20220329143649.0
008 001123s2007 mx 00010 spa d
010 _a99998
011 _a100970
035 _a111656
040 _cCHAP
090 _aCD-303
111 2 _aCongreso Latinoamericano de la Ciencia del Suelo (
_n17
_dLeón, Gto.
_c: 2007)
_926824
245 1 0 _aDecimo septimo congreso latinoamericano de la ciencia del suelo del 17 al 21 de septiembre [Disco compacto]
_c/coordinado por Edna Álvarez Sánchez
260 _aLeón, Gto. :
_bSociedad Latinoamericana de la Ciencia del Suelo,
_c2007
300 _a1 disco compacto ;
_c4 3/4 plgs.
590 _aBATCH-UPD
_b10
_c20130110
_lUCH01
_h1524
590 _aBATCH-UPD
_b10
_c20130410
_lUCH01
_h0934
590 _aBATCH-UPD
_b10
_c20130914
_lUCH01
_h1031
590 _aCONVERSION
_b10
_c20130109
_lUCH01
_h1355
650 0 4 _aSuelos
_xCongresos.
_9110281
700 0 _aAlvarez Sanchez, Edna
_e, coord.
_94982
901 _aBK
911 _aen proceso
942 _cCD
949 _aCD-303
_bBC
_cCD
_d33724002220900
_eCD
_fc.2
_i111656
_sb
949 _aCD-303
_bBC
_cCD
_d33724002220941
_eCD
_i111656
_sb
999 _c99998
_d99998